Complete the Romance movie title p2 - Statistics

General Stats
  • This quiz has been taken 137 times
    132 since last reset
  • The average score is 9 of 13
Answer Stats
Hint Answer % Correct
Romeo + ______ Juliet
100%
Fifty ______ Darker Shades
96%
_____ and Prejudice Pride
95%
Sex and The ____: The Movie City
91%
To All The ____ I’v Loved Before Boys
90%
_____ Dancing Dirty
89%
When We _____ Met First
83%
Maid __ Manhattan In
82%
The Idea of ___ You
72%
The Last ______ From Your Lover Letter
66%
After Ever _____ Happy
29%
Far from ______ Heaven
8%
_____ November Sweet
6%
No matching quizzes found
Score Distribution
Percent of People with Each Score
Percentile by Number Answered
Your Score History
You have not taken this quiz since the last reset